000 00385 a2200121 4500
001 ART_17815
005 20260410161700.0
008 260409a
245 1 0 _aRelaciones de causalidad entre la tasa de interés y la base monetaria.
100 1 _aLeone, Alfredo Mario
700 1 _aDueñas, Daniel E.
773 0 _tEnsayos Económicos
_g- Nº 34 (jun. 1985)
_wREV620
999 _c15118
_d15118